000 01579nam0a2200361 i 4500
001 RU\NLR\BIBL_A\010848699
005 20260406164242.0
010 _a9785170905775
_93000
021 _aRU
_b2015-62173
_93696
035 _a(NILC)RuMoRGB-007999388
035 _a(NLR Aleph) 010848699
090 _a10365631
_c10365631
100 _a20150928d2015 u y0rusy50 ca
101 1 _arus
_ceng
102 _aRU
105 _aa|||z|||000ay
200 1 _aАлиса в Стране чудес
_aАлиса в Зазеркалье
_e[сказки]
_eитоговое издание
_fЛьюис Кэрролл
_gкоммент. Мартина Гарднера
_g[пер. с англ. Н.М. Демуровой и др.
_gстихотворения в пер. С. Маршака и др.]
_gил. Джона Тенниела
210 _aМосква
_cАСТ
_d2015
215 _a359 с.
_cил., портр.
_d29
320 _aИзбр. аннот. библиогр.: с. 350-354
333 _a6+
675 _a821.111
686 0 _aШ9(4Вл)62-4
700 1 _7ca
_8rus
_aКэрролл
_bЛ.
_f1832-1898
_gЛьюис
_9120364
_3RU\NLR\AUTH\7710596
702 1 _4440
_7ca
_8rus
_aТенниел
_bД.
_cхудожник
_f1820-1914
_gДжон
_977450
_3RU\NLR\AUTH\7794524
702 1 _4570
_7ca
_8rus
_aМаршак
_bС. Я.
_f1887-1964
_gСамуил Яковлевич
_9114767
_3RU\NLR\AUTH\774792
801 0 _aRU
_bРГБ
_c20150818
_gRCR
942 _cBOOK
980 _aNBR